• 首页
  • 本馆介绍
  • 公告通知
  • 最新文献
  • 馆藏检索
  • 电子资源
  • 读者导购
  • 参考咨询
  • 我的图书馆
  • 登录
  • 详细信息显示
  • 放入我的书架
  • 预约/预借图书
  • 作者相关作品
  • 分类相关作品
  • 丛书相关作品
  • 出版社相关作品

书目信息

  • 表格格式
  • 工作单格式
  • 卡片格式
书名: Astronomical spectroscopy
作者: by Jonathan Tennyson
分册号:
分册名:
出版地: Shanghai :
 
出版社: Fudan University Press
出版时间: 2006.
页数: x, 192 p. :
开本: 23 cm.
丛书名: 研究生前沿教材书系
中图分类号:
科图分类号:
其他分类号: P141.5
主题词:
电子资源:
000 01345nam 2200349 a 4500
001 E0737121304
004 001408352
004 001408352
005 20070702102027.06
008 001 0 eng
008 4001uueng0000000
008 4001uueng0000000
020    @a7309052048 :@cCNY22.00.
040    @aCcBjTSG @bchi
041    @aeng@bchi
090    @aP141.5
099    @dP141.5@ex55
100 1  @aTennyson, Jonathan.
245 10 @aAstronomical spectroscopy :@ban introduction to the atomic and molecular physics of astronomical spectra = 天体光谱学 : 天体光谱学的原子分子物理学导论 / @cby Jonathan Tennyson
246 31 @a天体光谱学 : @b天体光谱学的原子分子物理学导论
250    @a影印版.
260    @aShanghai :@bFudan University Press,@c2006.
300    @ax, 192 p. :@bill. ;@c23 cm.
440  0 @a研究生前沿教材书系
504    @aIncludes bibliographical references and index.
534    @pReprint. Originally published: @cLondon : Imperial College Press, 2005. @z1860945295.
650  0 @aAstronomical spectroscopy.
650  0 @aAtomic spectroscopy.
650  0 @aMolecular spectroscopy. @b01 @c20070516 @lNLC09 @h1542 @b40 @c20070521 @lNLC09 @h1417 @b40 @c20070531 @lNLC09 @h1611
700    @aby Tennyson,Jonathan
852 91 @bWWDY @k2-2007 @hP141.5 @iT312
852 91 @bWWJC @cJ09 @k2-2007 @hP141.5 @iT312
    
    Astronomical spectroscopy : : an introduction to the atomic and molecular physics of astronomical spectra = 天体光谱学 : 天体光谱学的原子分子物理学导论 / / by Jonathan Tennyson.-影印版.-Shanghai : : Fudan University Press, , 2006.
    x, 192 p. : : ill. ; ; 23 cm.- (研究生前沿教材书系 )
    Includes bibliographical references and index.
    
    ISBN 7309052048 :CNY22.00.
    
●
相关链接 在E读中查询图书 在五车中查询图书 在当当中查询图书 在豆瓣中查询图书


正题名:Astronomical spectroscopy     索取号:P141.5/x55         预约/预借

序号 登录号 条形码 馆藏地/架位号 状态 备注
1 12143   300121437   第二样本阅览室/ [索取号:P141.5/x55] 在馆    
2 12144   300121446   第四借阅区/ [索取号:P141.5/x55] 在馆    
3 12145   300121455   第四借阅区/ [索取号:P141.5/x55] 在馆    
唐山师范学院图书馆 欢迎您!
大连网信软件有限公司© 版权所有